000 01066nam a2200313Ia 4500
001 dia_197
003 CHAP
005 20251203090804.0
008 220117s1954 xx 000 0 und d
010 _a177707
040 _cCHAP
082 _a633.10468 S76 1954
245 _aStorage of cereal grains and their products /
_c edición John Ansel Anderson y Alfred W. Alcock
260 _aEstados Unidos de América :
_b American Association of Cereal Chemists,
_c1954
300 _aix, 515 p.
440 _aAACC monograph series
_9122
504 _aIncluye bibliografías
590 _aSB190 S76 1954
650 _aGrain products
_xStorage
_9153562
650 0 _aGrains
_xStorage
_zMéxico
_9153563
650 _aGranos
_xAlmacenamiento
_9147136
650 _aProductos de granos
_xAlmacenamiento
_9153564
700 _aAlcock, Alfred W., ed.
_9161929
700 _aAnderson, John Ansel, ed.
_9161930
901 _a633.10468 S76 1954
902 _aA
905 _a5232271954 -usadmn8222223322eng16
942 _cLIBRO
_2ddc
999 _c177707
_d177707